[Event "Tbilisi Champions Cup"]
[Site "Tbilisi"]
[Date "2023.10.19"]
[Round "7"]
[White "Tskipurishvili, Davit"]
[Black "Chaladze, Giorgi"]
[Result "1-0"]
[WhiteElo "1581"]
[BlackElo "1648"]
[PlyCount "59"]
[EventDate "2023.10.13"]
[EventType "swiss"]
[EventRounds "9"]
[EventCountry "GEO"]
[SourceTitle "EXT 2025"]
[Source "ChessBase"]
[SourceDate "2024.10.14"]
[SourceVersion "1"]
[SourceVersionDate "2024.10.14"]
[SourceQuality "1"]

1. d4 Nf6 2. c4 e6 3. Nf3 d5 4. Nc3 Be7 5. Bg5 Nbd7 6. e3 0-0 7. cxd5 exd5 8. Bd3 c6 9. 0-0 Ne4 10. Bxe4 Bxg5 11. Bd3 f5 12. Qc2 g6 13. b4 a6 14. a4 Be7 15. b5 Bd6 16. Rab1 Kg7 17. Rb3 Qc7 18. Rc1 Nf6 19. h3 Be6 20. bxa6 bxa6 21. Na2 Rfc8 22. Nb4 Bxb4 23. Rxb4 a5 24. Rb5 Qe7 25. Rb6 Ne4 26. Ba6 Rxa6 27. Rxa6 c5 28. dxc5 Nxc5 29. Rb6 Nd3 30. Rxe6 1-0

[Event "GEO-ch 1st League 80th"]
[Site "Tbilisi"]
[Date "2021.03.29"]
[Round "1"]
[White "Tskipurishvili, Davit"]
[Black "Azaladze, Shota"]
[Result "0-1"]
[WhiteElo "1807"]
[BlackElo "2439"]
[PlyCount "122"]
[EventDate "2021.03.29"]
[EventType "swiss"]
[EventRounds "9"]
[EventCountry "GEO"]
[SourceTitle "CBM 202 Extra"]
[Source "ChessBase"]
[SourceDate "2021.07.31"]
[SourceVersion "1"]
[SourceVersionDate "2021.07.31"]
[SourceQuality "1"]

1. d4 g6 2. Nf3 Bg7 3. Nc3 d6 4. e4 Nf6 5. Be2 0-0 6. 0-0 c6 7. h3 Qc7 8. Be3 Nbd7 9. Rb1 b5 10. a3 Bb7 11. Bd3 a6 12. b4 e5 13. dxe5 dxe5 14. a4 Rfd8 15. Qc1 Nh5 16. Ne2 Nb6 17. g4 Nf6 18. Bxb6 Qxb6 19. a5 Qc7 20. Qe3 c5 21. bxc5 Nd7 22. c6 Bxc6 23. c4 Qxa5 24. cxb5 axb5 25. Rfc1 Rac8 26. Nc3 b4 27. Ra1 Qb6 28. Nb5 Qxe3 29. fxe3 Bxb5 30. Rxc8 Rxc8 31. Bxb5 Nc5 32. Rb1 b3 33. Bc4 Nxe4 34. Bxb3 Nc3 35. Re1 Rb8 36. Bc4 Rb4 37. Nd2 Bh6 38. h4 Rb2 39. Nf3 Rb4 40. Nd2 e4 41. g5 Bg7 42. Rf1 Rb7 43. Rf4 Re7 44. Kg2 h5 45. Bb3 Rb7 46. Bc4 Be5 47. Rf1 Kg7 48. Nb3 Rc7 49. Nd2 Rd7 50. Nb1 Nd1 51. Re1 f5 52. gxf6+ Bxf6 53. Bb3 Nb2 54. Re2 Nd3 55. Kh3 Be5 56. Bc4 Rb7 57. Nd2 Rb2 58. Rg2 Rc2 59. Bd5 Rc3 60. Rg5 Nf4+ 61. Kh2 Rc2 0-1

[Event "EU-ch Online U16"]
[Site "Tornelo INT"]
[Date "2020.09.20"]
[Round "7"]
[White "Baum, Jonasz"]
[Black "Tskipurishvili, Davit"]
[Result "1/2-1/2"]
[WhiteElo "2188"]
[BlackElo "1705"]
[PlyCount "71"]
[EventDate "2020.09.18"]
[EventType "swiss (rapid)"]
[EventRounds "9"]
[EventCountry "NET"]
[SourceTitle "EXT 2023"]
[Source "ChessBase"]
[SourceDate "2022.10.05"]
[SourceVersion "1"]
[SourceVersionDate "2022.10.05"]
[SourceQuality "1"]
[WhiteTeam "Poland"]
[BlackTeam "Georgia"]
[WhiteTeamCountry "POL"]
[BlackTeamCountry "GEO"]

1. d4 Nf6 2. c4 e6 3. Nf3 b6 4. Bf4 Bb7 5. e3 Be7 6. Nc3 0-0 7. h3 d6 8. Be2 Nbd7 9. Bh2 Ne4 10. Nxe4 Bxe4 11. 0-0 Nf6 12. Nd2 Bb7 13. Qc2 c5 14. Bf3 Bxf3 15. Nxf3 cxd4 16. Nxd4 Rc8 17. Qa4 Qd7 18. Nb5 d5 19. cxd5 Nxd5 20. e4 a6 21. exd5 axb5 22. dxe6 fxe6 23. Qb3 Qd5 24. Qxd5 exd5 25. Rae1 Bf6 26. Re2 Rfe8 27. Rd2 d4 28. g4 h6 29. Kg2 Re6 30. Bf4 b4 31. Rh1 Ra8 32. b3 Rc8 33. h4 g5 34. hxg5 hxg5 35. Bg3 Rc3 36. Rhd1 1/2-1/2

[Event "EU-ch 19th"]
[Site "Batumi"]
[Date "2018.03.26"]
[Round "9"]
[White "Orujov, Farid"]
[Black "Tskipurishvili, Davit"]
[Result "1-0"]
[WhiteElo "1770"]
[BlackElo "1710"]
[PlyCount "73"]
[EventDate "2018.03.17"]
[EventType "swiss"]
[EventRounds "11"]
[EventCountry "GEO"]
[SourceTitle "CBM 184"]
[Source "ChessBase"]
[SourceDate "2018.05.16"]
[SourceVersion "1"]
[SourceVersionDate "2018.05.16"]
[SourceQuality "1"]

1. d4 d5 2. Nf3 c6 3. c4 Nf6 4. Nc3 e6 5. e3 Nbd7 6. Bd3 dxc4 7. Bxc4 b5 8. Bd3 Bb7 9. 0-0 a6 10. e4 c5 11. d5 e5 12. Bc2 Bd6 13. Nh4 g6 14. Be3 b4 15. Na4 Nxe4 16. Nf3 Nef6 17. Bb3 Qc7 18. Nd2 0-0 19. Rc1 Rac8 20. Bc4 Nb6 21. Nxb6 Qxb6 22. Bh6 Rfd8 23. Re1 Nd7 24. Qf3 f5 25. g4 e4 26. Qg2 Bf8 27. Bg5 Re8 28. gxf5 gxf5 29. d6+ Kh8 30. Bd8 Bxd6 31. Bxb6 Nxb6 32. Kf1 Bf4 33. Nb3 Bxc1 34. Rxc1 Nxc4 35. Rxc4 a5 36. Qg5 Ba6 37. Qf6+ 1-0

[Event "EU-ch 19th"]
[Site "Batumi"]
[Date "2018.03.24"]
[Round "7"]
[White "Tskipurishvili, Davit"]
[Black "Tsotsonava, Elene"]
[Result "0-1"]
[WhiteElo "1710"]
[BlackElo "1789"]
[PlyCount "70"]
[EventDate "2018.03.17"]
[EventType "swiss"]
[EventRounds "11"]
[EventCountry "GEO"]
[SourceTitle "CBM 184"]
[Source "ChessBase"]
[SourceDate "2018.05.16"]
[SourceVersion "1"]
[SourceVersionDate "2018.05.16"]
[SourceQuality "1"]

1. d4 Nf6 2. c4 e6 3. Nf3 b6 4. g3 Ba6 5. b3 Bb4+ 6. Bd2 Be7 7. Bg2 c6 8. Qc2 d5 9. 0-0 0-0 10. Bf4 Nbd7 11. Nbd2 Rc8 12. e4 c5 13. exd5 exd5 14. Rfd1 b5 15. cxb5 Bxb5 16. Qb2 Qb6 17. Re1 Rfe8 18. Rac1 Ba6 19. Ne5 cxd4 20. Nxd7 Nxd7 21. Rxc8 Bxc8 22. Bxd5 Nf6 23. Bc4 Bb7 24. f3 Bd6 25. Rxe8+ Nxe8 26. Bxd6 Nxd6 27. Bd3 Qc5 28. Qc2 Qxc2 29. Bxc2 Ba6 30. Kf2 Kf8 31. Ne4 Nxe4+ 32. Bxe4 Ke7 33. Ke1 Ke6 34. f4 h6 35. Kd2 Kd6 0-1

[Event "Wch U12"]
[Site "Batumi"]
[Date "2016.10.26"]
[Round "7"]
[White "Coca, Cristi Iulian"]
[Black "Tskipurishvili, Davit"]
[Result "1-0"]
[WhiteElo "1874"]
[BlackElo "1575"]
[PlyCount "35"]
[EventDate "2016.10.19"]
[EventType "swiss"]
[EventRounds "11"]
[EventCountry "GEO"]
[SourceTitle "EXT 2018"]
[Source "ChessBase"]
[SourceDate "2017.10.13"]
[SourceVersion "1"]
[SourceVersionDate "2017.10.13"]
[SourceQuality "1"]

1. e4 c5 2. c3 d5 3. exd5 Qxd5 4. d4 Nc6 5. dxc5 Qxd1+ 6. Kxd1 e5 7. b4 Bf5 8. Bb2 0-0-0+ 9. Nd2 g6 10. Ke1 Nf6 11. Ngf3 Nd5 12. Nc4 Ncxb4 13. cxb4 Nxb4 14. Ne3 Bxc5 15. Rc1 b6 16. a3 Na2 17. Ba6+ Kb8 18. Ra1 1-0

[Event "Wch U12"]
[Site "Batumi"]
[Date "2016.10.22"]
[Round "4"]
[White "Tskipurishvili, Davit"]
[Black "Ammar, Sedrani"]
[Result "1-0"]
[WhiteElo "1575"]
[BlackElo "1770"]
[PlyCount "43"]
[EventDate "2016.10.19"]
[EventType "swiss"]
[EventRounds "11"]
[EventCountry "GEO"]
[SourceTitle "EXT 2018"]
[Source "ChessBase"]
[SourceDate "2017.10.13"]
[SourceVersion "1"]
[SourceVersionDate "2017.10.13"]
[SourceQuality "1"]

1. d4 d5 2. Nf3 e6 3. c4 c6 4. e3 Bd6 5. Nc3 f5 6. Bd3 Qf6 7. 0-0 Nd7 8. Qc2 Nh6 9. Rb1 g5 10. cxd5 exd5 11. e4 fxe4 12. Bxg5 Qg7 13. Bxe4 dxe4 14. Nxe4 Be7 15. Rfe1 0-0 16. Bxe7 Qxe7 17. Neg5 Qg7 18. Ne6 Qg6 19. Qxg6+ hxg6 20. Nxf8 Nxf8 21. Re8 Kf7 22. Rd8 1-0